| 000 | 00943cam a2200277 i 4500 | ||
|---|---|---|---|
| 001 | 25770 | ||
| 003 | Mx-PuUPA | ||
| 005 | 20241127124850.0 | ||
| 008 | 140415s2020 mx gr 000 0 spa d | ||
| 020 | _a9786075382500 | ||
| 040 |
_aMx-PuUPA _cMx-PuUPA _bspa _dMx-PuUPA _erda |
||
| 041 | 0 | _aspa | |
| 100 | 1 |
_aSerer Figueroa, Marcos, _eautor _916518 |
|
| 245 | 1 | 0 |
_aGestión integrada de proyectos/ _cMarcos Serer Figueroa |
| 250 | _aTercera edición | ||
| 264 | 1 |
_aCiudad de México : _bAlfaomega Grupo Editor, _c©2020 |
|
| 300 |
_a483 páginas : _bilustraciones ; _c24 cm |
||
| 336 |
_2rdacontent _atexto _btxt |
||
| 337 |
_2rdamedia _asin medio _bn |
||
| 338 |
_2rdacarrier _avolumen _bnc |
||
| 650 | 7 |
_2armarc _aAdministración de proyectos. |
|
| 942 |
_2ddc _cLI _h658.404 _iS48 |
||
| 999 |
_c25770 _d25770 |
||